Strongly coupled plasma physics (Record no. 11056)
[ view plain ]
| 000 -LEADER | |
|---|---|
| fixed length control field | 00929nam a2200241Ia 4500 |
| 003 - CONTROL NUMBER IDENTIFIER | |
| control field | IN-BaIIA |
| 008 - FIXED-LENGTH DATA ELEMENTS--GENERAL INFORMATION | |
| fixed length control field | 211028s9999 xx 000 0 eng d |
| 020 ## - INTERNATIONAL STANDARD BOOK NUMBER | |
| International Standard Book Number | 0-306-42581-5 |
| 040 ## - CATALOGING SOURCE | |
| Transcribing agency | IIA Library |
| 080 ## - UNIVERSAL DECIMAL CLASSIFICATION NUMBER | |
| Universal Decimal Classification number | 533 |
| Item number | STR |
| 111 ## - MAIN ENTRY--MEETING NAME | |
| Meeting name or jurisdiction name as entry element | NATO Advanced Research Workshop |
| Location of meeting | California |
| Date of meeting or treaty signing | 1986 Aug. 4-9 |
| 9 (RLIN) | 18950 |
| 245 #0 - TITLE STATEMENT | |
| Title | Strongly coupled plasma physics |
| Remainder of title | proceedings of the NATO advanced research workshop held in Santa Cruz, California, August 4-9, 1986 |
| Statement of responsibility, etc. | edited by Forrest J. Rogers and Huge E. Dewitt |
| 260 ## - PUBLICATION, DISTRIBUTION, ETC. | |
| Place of publication, distribution, etc. | New York |
| Name of publisher, distributor, etc. | Plenum Press |
| Date of publication, distribution, etc. | 1987 |
| 300 ## - PHYSICAL DESCRIPTION | |
| Extent | xi, 610p. |
| 490 ## - SERIES STATEMENT | |
| Series statement | NATO ASI series, series B: physics; v. 154 |
| 650 ## - SUBJECT ADDED ENTRY--TOPICAL TERM | |
| Topical term or geographic name entry element | NASA Thesaurus |
| 650 ## - SUBJECT ADDED ENTRY--TOPICAL TERM | |
| Topical term or geographic name entry element | Plasma physics |
| 9 (RLIN) | 3732 |
| 650 ## - SUBJECT ADDED ENTRY--TOPICAL TERM | |
| Topical term or geographic name entry element | Plasmas |
| 9 (RLIN) | 1898 |
| 700 ## - ADDED ENTRY--PERSONAL NAME | |
| Personal name | Dewitt, Huge E., ed. |
| 9 (RLIN) | 18951 |
| 700 ## - ADDED ENTRY--PERSONAL NAME | |
| Personal name | Rogers, Forrest J., ed. |
| 9 (RLIN) | 18952 |
| 710 ## - ADDED ENTRY--CORPORATE NAME | |
| Corporate name or jurisdiction name as entry element | NATO Scientific Affairs Division |
| 9 (RLIN) | 18953 |
| 942 ## - ADDED ENTRY ELEMENTS (KOHA) | |
| Koha item type | Books |
| 952 ## - LOCATION AND ITEM INFORMATION (KOHA) | |
| -- | 117.00 |
| Withdrawn status | Lost status | Damaged status | Not for loan | Home library | Current library | Shelving location | Date acquired | Total Checkouts | Full call number | Barcode | Date last seen | Price effective from | Koha item type |
|---|---|---|---|---|---|---|---|---|---|---|---|---|---|
| IIA Library-Bangalore | IIA Library-Bangalore | General Stacks | 21/04/1994 | 533/ STR | 11969 | 05/11/2021 | 21/04/1994 | Books |